Global times living history 8 : (Record no. 5149)
[ view plain ]
| 000 -LEADER | |
|---|---|
| fixed length control field | 00756nam a22002297a 4500 |
| 003 - CONTROL NUMBER IDENTIFIER | |
| control field | OSt |
| 005 - DATE AND TIME OF LATEST TRANSACTION | |
| control field | 20251029012224.0 |
| 008 - FIXED-LENGTH DATA ELEMENTS--GENERAL INFORMATION | |
| fixed length control field | 251027b |||||||| |||| 00| 0 eng d |
| 020 ## - INTERNATIONAL STANDARD BOOK NUMBER | |
| International Standard Book Number | 978-621-00-0933-0 |
| 040 ## - CATALOGING SOURCE | |
| Original cataloging agency | DWCL - Main Lib |
| Transcribing agency | OC |
| 082 ## - DEWEY DECIMAL CLASSIFICATION NUMBER | |
| Edition number | 3rd |
| Classification number | Res. 909 P187g 2023 |
| 100 ## - MAIN ENTRY--PERSONAL NAME | |
| Personal name | Panganiban, Evangeline S. |
| 245 ## - TITLE STATEMENT | |
| Title | Global times living history 8 : |
| Remainder of title | Kasaysayan ng mundo / |
| Statement of responsibility, etc. | Evangeline S. Panganiban |
| 260 ## - PUBLICATION, DISTRIBUTION, ETC. | |
| Place of publication, distribution, etc. | Quezon City, Philippines : |
| Name of publisher, distributor, etc. | SIBS Publishing House, Inc., |
| Date of publication, distribution, etc. | c2023. |
| 300 ## - PHYSICAL DESCRIPTION | |
| Extent | x , 516 pages : |
| Other physical details | illustrations ; |
| Dimensions | 25 cm. |
| 490 ## - SERIES STATEMENT | |
| Series statement | 3rd |
| 650 ## - SUBJECT ADDED ENTRY--TOPICAL TERM | |
| Topical term or geographic name entry element | 1. History |
| 650 ## - SUBJECT ADDED ENTRY--TOPICAL TERM | |
| Topical term or geographic name entry element | 2. World History |
| 710 ## - ADDED ENTRY--CORPORATE NAME | |
| Corporate name or jurisdiction name as entry element | Edited by Teresita P. Pedrajas and Walfredo B. Bellen |
| 760 ## - MAIN SERIES ENTRY | |
| Edition | 3rd |
| 942 ## - ADDED ENTRY ELEMENTS (KOHA) | |
| Source of classification or shelving scheme | Dewey Decimal Classification |
| Koha item type | Book- Reserved |
| Edition | 3rd |
| Call number suffix | Res. |
| Suppress in OPAC | No |
| 952 ## - LOCATION AND ITEM INFORMATION (KOHA) | |
| -- | |
| 952 ## - LOCATION AND ITEM INFORMATION (KOHA) | |
| -- | |
| 952 ## - LOCATION AND ITEM INFORMATION (KOHA) | |
| -- | |
| 952 ## - LOCATION AND ITEM INFORMATION (KOHA) | |
| -- | |
| Withdrawn status | Lost status | Source of classification or shelving scheme | Damaged status | Not for loan | Home library | Current library | Shelving location | Date acquired | Source of acquisition | Total Checkouts | Full call number | Barcode | Date last seen | Copy number | Price effective from | Koha item type | Uniform Resource Identifier |
|---|---|---|---|---|---|---|---|---|---|---|---|---|---|---|---|---|---|
| Dewey Decimal Classification | Junior High School Library | Junior High School Library | Reserved | 09/18/2024 | School Fund | Res. 909 P187g 2023 | JHS - 21407 | 10/27/2025 | c1 | 10/27/2025 | BK-0 CIRC | ||||||
| Dewey Decimal Classification | Junior High School Library | Junior High School Library | Reserved | 09/11/2024 | School Fund | Res. 909 P187g 2023 | JHS - 21368 | 10/29/2025 | c2 | 10/27/2025 | BK-0 CIRC | ||||||
| Dewey Decimal Classification | Junior High School Library | Junior High School Library | Reserved | 09/11/2024 | School Fund | Res. 909 P187g 2023 | JHS - 21369 | 10/29/2025 | c3 | 10/27/2025 | BK-0 CIRC | ||||||
| Dewey Decimal Classification | Junior High School Library | Junior High School Library | Reserved | 09/11/2024 | School Fund | Res. 909 P187g 2023 | JHS - 21370 | 10/29/2025 | c4 | 10/27/2025 | BK-0 CIRC |